000 00569cam a22002053a 4500
001 39375
003 PGUSA
005 20140828083856.0
008 120404s2012||||xxu|||||s|||||000 | eng d
040 _aPGUSA
_beng
042 _adc
100 1 _aMolesworth,
_cMrs,
_d1839-1921
245 1 0 _aChristmas Tree Land
_h[electronic resource] /
_cMolesworth,
260 _bProject Gutenberg,
_c2012
506 _aPublic domain in the USA.
516 _aElectronic text
830 0 _aProject Gutenberg
_v39375
856 4 0 _uhttp://www.gutenberg.org/ebooks/39375
942 _cEB
999 _c268628
_d268628